Online
Catalog

La política exterior dominicana / (Record no. 6508)

MARC details
000 -CABECERA
campo de control de longitud fija 01689nam a2200325 a 4500
001 - NÚMERO DE CONTROL
campo de control 000006719
005 - FECHA Y HORA DE LA ÚLTIMA TRANSACCIÓN
campo de control 20260521073716.0
008 - DATOS DE LONGITUD FIJA--INFORMACIÓN GENERAL
campo de control de longitud fija 090902s2002 dr a 001 0 spa d
040 ## - FUENTE DE LA CATALOGACIÓN
Centro catalogador/agencia de origen DO-SdBNP
Lengua de catalogación spa
Centro/agencia transcriptor BNPHU
082 ## - NÚMERO DE LA CLASIFICACIÓN DECIMAL DEWEY
Número de clasificación 327.17293
Número de documento/Ítem S225po, 2002
100 1# - ENTRADA PRINCIPAL--NOMBRE DE PERSONA
Nombre de persona Sang, Mu-Kien A.
Fechas asociadas al nombre 1955-
Forma completa/desarrollada del nombre (Mu-Kien Adriana)
9 (RLIN) 331
245 13 - MENCIÓN DE TÍTULO
Título La política exterior dominicana /
Mención de responsabilidad, etc. Adriana Sang Mu-Kien ; presentación Hugo Tolentino Dipp ; colaboración Margarita González Auffant, Walter Cordero.
260 ## - PUBLICACIÓN, DISTRIBUCIÓN, ETC.
Lugar de publicación, distribución, etc. Santo Domingo :
Nombre del editor, distribuidor, etc. BANRESERVAS:
-- Secretaría de Estado de Relaciones Exteriores,
Fecha de publicación, distribución, etc. 2002.
300 ## - DESCRIPCIÓN FÍSICA
Extensión 2 v. :
Otras características físicas il. ;
Dimensiones 26 cm.
500 ## - NOTA GENERAL
Nota general Incluye índice onomástico y geográfico
500 ## - NOTA GENERAL
Nota general Incluye referencias bibliográficas y notas al pie de las páginas
505 0# - NOTA DE CONTENIDO CON FORMATO
Nota de contenido con formato v.1. 13 años de política exterior: apuntes para un nuevo enfoque -- v. 2. Política exterior dominicana: del caos al abandono. 1961-1974.
590 ## - NOTA LOCAL (RLIN)
Nota local Inventariado, 2018/BT
651 #4 - PUNTO DE ACCESO ADICIONAL DE MATERIA--NOMBRE GEOGRÁFICO
Nombre geográfico República Dominicana
Subdivisión general Relaciones Exteriores
9 (RLIN) 2258
651 #4 - PUNTO DE ACCESO ADICIONAL DE MATERIA--NOMBRE GEOGRÁFICO
Nombre geográfico República Dominicana
Subdivisión general Política Exterior
9 (RLIN) 18699
651 #4 - PUNTO DE ACCESO ADICIONAL DE MATERIA--NOMBRE GEOGRÁFICO
Nombre geográfico República Dominicana
Subdivisión general Conflictos Políticos
Subdivisión geográfica Haití
9 (RLIN) 18700
651 #4 - PUNTO DE ACCESO ADICIONAL DE MATERIA--NOMBRE GEOGRÁFICO
Nombre geográfico Haití
Subdivisión general Conflictos Políticos
Subdivisión geográfica República Dominicana
9 (RLIN) 18701
651 #4 - PUNTO DE ACCESO ADICIONAL DE MATERIA--NOMBRE GEOGRÁFICO
Nombre geográfico República Dominicana
Subdivisión general Relaciones Exteriores
Subdivisión geográfica Haití
9 (RLIN) 2233
651 #4 - PUNTO DE ACCESO ADICIONAL DE MATERIA--NOMBRE GEOGRÁFICO
Nombre geográfico Haití
Subdivisión general Relaciones Exteriores
Subdivisión geográfica República Dominicana
9 (RLIN) 2234
651 #4 - PUNTO DE ACCESO ADICIONAL DE MATERIA--NOMBRE GEOGRÁFICO
Nombre geográfico República Dominicana
Subdivisión general Relaciones Exteriores
Subdivisión geográfica Estados Unidos
9 (RLIN) 6308
651 #4 - PUNTO DE ACCESO ADICIONAL DE MATERIA--NOMBRE GEOGRÁFICO
Nombre geográfico Estados Unidos
Subdivisión general Relaciones Exteriores
Subdivisión geográfica República Dominicana
9 (RLIN) 6309
700 1# - PUNTO DE ACCESO ADICIONAL--NOMBRE DE PERSONA
Nombre de persona González Auffant, Margarita
9 (RLIN) 18702
700 1# - PUNTO DE ACCESO ADICIONAL--NOMBRE DE PERSONA
Nombre de persona Cordero, Walter
9 (RLIN) 16854
910 ## - DATOS DE OPCIÓN DEL USUARIO (OCLC)
Datos de opción del usuario Validado. Control de calidad. MMOLINA
Holdings
Estado de retiro Estado de pérdida Restricciones de uso No para préstamo Código de colección Localización permanente Ubicación/localización actual Ubicación en estantería Fecha de adquisición Número de inventario Total de préstamos Signatura topográfica completa Código de barras Fecha visto por última vez Precio válido a partir de Tipo de ítem Koha
        Patrimonio Dominicano General General Depósito 17.03.2010 LF1   v.2, e.5 6719-100 25.06.2020 25.06.2020 Libro y Folleto Colección Patrimonio Dominicano
        Patrimonio Dominicano General General Depósito 17.03.2010 LF1   v.1, e.3 6719-30 25.06.2020 25.06.2020 Libro y Folleto Colección Patrimonio Dominicano
        Patrimonio Dominicano General General Depósito 17.03.2010 LF1   v.1, e.4 6719-40 25.06.2020 25.06.2020 Libro y Folleto Colección Patrimonio Dominicano
        Patrimonio Dominicano General General Depósito 17.03.2010 LF1   v.1, e.5 6719-50 25.06.2020 25.06.2020 Libro y Folleto Colección Patrimonio Dominicano
        Patrimonio Dominicano General General Depósito 17.03.2010 LF1   v.2, e.3 6719-80 25.06.2020 25.06.2020 Libro y Folleto Colección Patrimonio Dominicano
        Patrimonio Dominicano General General Depósito 17.03.2010 LF1   v.2, e.4 6719-90 25.06.2020 25.06.2020 Libro y Folleto Colección Patrimonio Dominicano
      Excluido de préstamo Patrimonio Dominicano Patrimonio Dominicano Patrimonio Dominicano Depósito 02.09.2009 LF1   v.1 6719-10 25.06.2020 25.06.2020 Libro y Folleto Colección Patrimonio Dominicano
      Excluido de préstamo Patrimonio Dominicano Patrimonio Dominicano Patrimonio Dominicano Depósito 17.03.2010 LF1   v.1, e.2 6719-20 25.06.2020 25.06.2020 Libro y Folleto Colección Patrimonio Dominicano
      Excluido de préstamo Patrimonio Dominicano Patrimonio Dominicano Patrimonio Dominicano Depósito 17.03.2010 LF1   v.2 6719-60 25.06.2020 25.06.2020 Libro y Folleto Colección Patrimonio Dominicano
      Excluido de préstamo Patrimonio Dominicano Patrimonio Dominicano Patrimonio Dominicano Depósito 17.03.2010 LF1   v.2, e.2 6719-70 25.06.2020 25.06.2020 Libro y Folleto Colección Patrimonio Dominicano

Powered by Koha